000 00699nam a22002297a 4500
005 20220930131030.0
008 220531b ||||| |||| 00| 0 eng d
020 _a9789394095083
040 _aIN-DiNC
_cIN-DiNC
041 _dasm
082 _a370.54
_bPRA
245 _aPrak swadhinkalar Bharatbarshar shikshabybastha/
_cby Daisy Rani Chutia and others
250 _a1st ed.
260 _aDibrugarh:
_bMahaveer publications,
_c2022.
300 _a219p.
650 _aEducation in pre independant India
700 _aHatibaruah, Monsoon
_eauthor
700 _aChutia, Daisy Rani
_eauthor
700 _aBorchetia, Bidisha
_eauthor
700 _aBorah, Gitanjali
_eauthor
942 _2ddc
_cBK
999 _c11313
_d11313